| 000 | 00602cam a22002172a 4500 | ||
|---|---|---|---|
| 001 | 018261 | ||
| 003 | AR-FADEU | ||
| 008 | 311216n2003####xxu####################dd | ||
| 020 | _a950-786-351-6 | ||
| 092 |
_a808.066 _bN774 |
||
| 100 | _aNogueira, Sylvia, coor. | ||
| 245 | _aManual de lectura y escritura universitarias : prácticas de taller | ||
| 260 | _aBuenos Aires | ||
| 260 | _bBiblos | ||
| 260 | _c2003 | ||
| 300 | _a184 p | ||
| 440 | _aSemiología | ||
| 500 | _aIncluye bibliografía | ||
| 650 | _aTEXTO; PARATEXTO; EXPLICACION>ARGUMENTACION; MONOGRAFIA; EXAMENES | ||
| 942 | _cBDGR | ||
| 999 |
_c24000 _d24000 |
||